Mimesis: the representacion of reality in western literature

I tiakina i:
Ngā taipitopito rārangi puna kōrero
Kaituhi matua: Auerbach, Erich (Author)
Hōputu: Pukapuka
Reo:Ingarihi
I whakaputaina: Princeton Princeton University Press 1974
Ngā marau:
Ngā Tūtohu: Tāpirihia he Tūtohu
Kāore He Tūtohu, Me noho koe te mea tuatahi ki te tūtohu i tēnei pūkete!

MARC

LEADER 00000nam a2200000 a 4500
001 UCX5965
003 CL-VaPUC
008 930318e19740000US |||||||||||||||||eng|d
082 0 4 |a 809.3  |b AUE  |2 21 
100 0 |a Auerbach, Erich  |e author  |9 322329 
245 1 0 |a Mimesis: the representacion of reality in western literature 
300 |a 563 p 
942 |c BK 
945 |d 19930318 00:00:00 
260 |a Princeton  |b Princeton University Press  |c 1974 
650 7 |a NOVELA HISTORIA Y CRITICA  |2 CL-VaPUC  |9 316722 
583 |a last modification  |c 20120711 09:45:54  |k Rodrigo Vera 
999 |c 226076  |d 226074 
952 |0 0  |1 0  |4 0  |6 809_300000000000000_AUE_1974  |7 0  |8 A  |9 224176  |a BIBEDU  |b BIBEDU  |d 2019-11-15  |i 2929759  |l 4  |o 809.3 AUE 1974  |p 2929759  |r 2024-08-12  |s 2024-07-23  |w 2019-11-15  |y BK  |k LIT